000 00297 a2200133 4500
999 _c324857
_d324857
001 89784
003 NUST
082 _a813.54 GRI
100 _aGrisham John
_99825
245 _aThe Broker
260 _aLondon
_bArrow Books
_c2005
300 _avi, 474p.
500 _aGeneral Books
942 _aCAE NUST
_cBK
_k813.54 GRI
_2ddc